000 00718nam a2200241Ia 4500
005 20260121112654.0
008 7868 260114s9999 xx 000 0 eng d
020 _a9789812773432
037 _aEBOOK
040 _aCRL
_beng
_cCRL
041 _aeng
_2eng
084 _qCRL
100 _aDaniell Mark & Sixl-Daniell Karin
_9961359
245 0 _aWealth Wisdom for Everyone: an Easy-To-Use Guide to Personal Financial Planning and Wealth Creation
260 _bWorld Scientific
260 _bWSPC
260 _c2006
650 _aEconomics & Finance
_9961360
856 _uhttps://www.worldscientific.com/worldscibooks/10.1142/6127#t=toc
942 _cEBOOK
999 _c1545168
_d1545168